Los diez mandamientos (Record no. 58001)

MARC details
000 -LEADER
campo de control de longitud fija 00642nam a2200193 i 4500
001 - NÚMERO DE CONTROL
campo de control 58001
003 - IDENTIFICADOR DE NÚMERO DE CONTROL
campo de control ES-MaACL
005 - FECHA Y HORA DE LA ÚLTIMA TRANSACCIÓN
campo de control 20251001202551.0
007 - CAMPO FIJO DE DESCRIPCIÓN FÍSICA--INFORMACIÓN GENERAL
campo de control de longitud fija t|
008 - DATOS DE LONGITUD FIJA--INFORMACIÓN GENERAL
campo de control de longitud fija 031020s1969 sp ||||1| spa d
245 04 - MENCIÓN DEL TÍTULO
Título Los diez mandamientos
Resto del título : narraciones ejemplares /
Mención de responsabilidad, etc. H. Böll...[et al.] ; presentación y selección de Jens Rehn ; traductora, Mª Pilar Lorenzo.
260 ## - PUBLICACIÓN, DISTRIBUCIÓN, ETC.
Lugar de publicación, distribución, etc. Madrid :
Nombre del editor, distribuidor, etc. Alianza,
Fecha de publicación, distribución, etc. [1969]
300 ## - DESCRIPCIÓN FÍSICA
Extensión 227 p. ;
Dimensiones 18 cm.
700 1# - ENTRADA AGREGADA--NOMBRE PERSONAL
Nombre de persona Böll, Heinrich,
Fechas asociadas al nombre 1917-1985
9 (RLIN) 29974
700 1# - ENTRADA AGREGADA--NOMBRE PERSONAL
Nombre de persona Rehn, Jens.
9 (RLIN) 95947
700 1# - ENTRADA AGREGADA--NOMBRE PERSONAL
Nombre de persona Lorenzo, María Pilar.
9 (RLIN) 74159
852 ## - LOCALIZACIÓN
Ubicación ES-MaACL
Número de control de estantería C-36504
Sublocalización o colección R.69831
Holdings
Estatus retirado Estado de pérdida Estado de daño No para préstamo Biblioteca de origen Biblioteca actual Ubicación en estantería Fecha de adquisición Fuente de adquisición Total de préstamos Signatura topográfica completa Código de barras Visto por última vez Precio de reemplazo Tipo de ítem Koha
        Biblioteca del Ateneo de Madrid Biblioteca del Ateneo de Madrid Depósito 2 17/01/2008     C-36504 1060873 23/02/2023 23/02/2023 Libro impreso